[Event "DAGIJ"]
[Site "SchemingMind.com"]
[Date "2018.07.18"]
[Round "-"]
[White "smothered mate"]
[Black "JAHI"]
[Result "1-0"]
[WhiteCountry "POL"]
[BlackCountry "INT"]
[WhiteElo "2276"]
[WhiteRD "79"]
[BlackElo "1897"]
[BlackRD "69"]
[GameID "430373"]

1. d4 e6 2. e4 d6 3. Nc3 e5 4. Nf3 exd4 5. Nxd4 Nf6 6. Be2 Be7 7. O-O Nc6 8. Be3 Nxd4 9. Bxd4 a6 10. f4 Be6
11. Bf3 c6 12. b3 c5 13. Bf2 Qc7 14. Rc1 Rd8 15. Nb1 d5 16. e5 Ne4 17. Bxe4 dxe4 18. Qe2 f6 19. exf6 gxf6 20. Nc3 Qc6
21. Nxe4 f5 22. Ng5 Bxg5 23. Qh5+ Kd7 24. fxg5 Kc8 25. Rce1 f4 26. Re5 b6 27. a4 a5 28. Be1 Bd7 29. Rxf4 Rhe8 30. Rxe8 Rxe8
31. Bg3 Qg6 32. Qd1 Bc6 33. h4 Kb7 34. Rf6 Qe4 35. Qd2 Re7 36. Kh2 Rd7 37. Qf2 Ka7 38. Rf8 Qe6 39. Rf6 Qe4 40. Bd6 Bb7
41. c3 Ba8 42. Qg3 Bc6 43. h5 Qe2 44. Qh3 c4 45. Bg3 Kb7 46. bxc4 Qxc4 47. h6 Rd2 48. Qf5 Rxg2+ 49. Kh3 Rxg3+ 50. Kxg3 Qxc3+
51. Kh4 Qe1+ 52. Qf2 Qh1+ 53. Kg3 Qc1 54. Rf7+ Ka8 55. Kg4 Qc4+ 56. Kh5 Bxa4 57. Rf8+ Ka7 58. Qf7+ Qxf7+ 59. Rxf7+ Ka6 60. Rxh7
1-0

[Event "DAGIJ"]
[Site "SchemingMind.com"]
[Date "2018.07.25"]
[Round "-"]
[White "smothered mate"]
[Black "Marc Wakeham"]
[Result "1-0"]
[WhiteCountry "POL"]
[BlackCountry "WLS"]
[WhiteElo "2115"]
[WhiteRD "88"]
[BlackElo "1673"]
[BlackRD "85"]
[GameID "430591"]

1. e4 c5 2. Nf3 d6 3. c3 Nc6 4. d4 cxd4 5. cxd4 e6 6. Nc3 a6 7. Be2 Nf6 8. O-O Be7 9. h3 O-O 10. Be3 b5
11. Rc1 b4 12. Nb1 Nxe4 13. Rxc6 Bb7 14. Rc2 a5 15. Nbd2 Nxd2 16. Qxd2 Rc8 17. Rfc1 Rxc2 18. Rxc2 Qd7 19. Qc1
1-0

[Event "DAGIJ"]
[Site "SchemingMind.com"]
[Date "2018.07.25"]
[Round "-"]
[White "Marc Wakeham"]
[Black "JAHI"]
[Result "0-1"]
[WhiteCountry "WLS"]
[BlackCountry "INT"]
[WhiteElo "1673"]
[WhiteRD "85"]
[BlackElo "2115"]
[BlackRD "73"]
[GameID "430592"]

1. e4 e6 2. d4 d6 3. Nc3 d5 4. exd5 exd5 5. Nf3 Nf6 6. Bd3 Be6 7. O-O Bd6 8. Be3 Nc6 9. Re1 a6 10. h3 h6
11. Ne2 Nh5 12. Qd2 Qd7 13. b3 Nf6 14. Bf4 Ne4 15. Qe3 Bb4 16. Rf1 Rd8 17. Bxe4 dxe4 18. c3 exf3 19. Qxf3 Ba5 20. Rad1 Qe7
21. b4 Bb6 22. Rfe1 Bd5 23. Qg3 Kf8 24. Nc1 Qd7 25. a4 Ne7 26. a5 Ba7 27. Bxc7 Nf5 28. Qf4 Rc8 29. Bb6 Bb8 30. Qd2 Bxg2
31. d5 Nh4
0-1

[Event "DAGIJ"]
[Site "SchemingMind.com"]
[Date "2018.07.26"]
[Round "-"]
[White "Marc Wakeham"]
[Black "Phillip Beckett"]
[Result "1-0"]
[WhiteCountry "WLS"]
[BlackCountry "ENG"]
[WhiteElo "1673"]
[WhiteRD "85"]
[BlackElo "1455"]
[BlackRD "56"]
[GameID "430649"]

1. e4 e5 2. Nf3 Nc6 3. Bc4 Nf6 4. d3 Be7 5. O-O d6 6. Nc3 h6 7. Be3 Bg4 8. h3 Bh5 9. Nb1 O-O 10. Nbd2 Nh7
11. Qc1 Ng5 12. Nxg5 Bxg5 13. Bxg5 Qxg5 14. Nb3 Qxc1 15. Raxc1 a6 16. Nd2 Kh7 17. f4 exf4 18. Rxf4 Ne5 19. Bb3 Bg6 20. Rcf1 f6
21. Be6 Rae8 22. Bf5 Bxf5 23. Rxf5 Ng6 24. Nb3 Re5 25. Nd4 Rfe8 26. g3 Ne7 27. Rxe5 dxe5 28. Ne6 c6 29. Nc5 Rb8 30. Nb3 b6
31. Nd2 c5 32. Nc4 b5 33. Ne3 Rc8 34. a3 Nc6 35. c3 Rd8 36. Nd5 Rd7 37. Rxf6 gxf6 38. Nxf6+ Kg6 39. Nxd7 c4 40. dxc4 bxc4
41. Nc5 a5 42. b3 cxb3 43. Nxb3 Kg5 44. Kf2 a4 45. Nc5 Na5 46. Nxa4 Nc4 47. Nc5 Nxa3 48. Nd7 Nb5 49. c4 Na3 50. c5 Nc4
51. c6 Nd6 52. Kf3 Nc8 53. Nxe5 Nd6 54. c7 Kf6 55. Kf4 Nc8 56. Nc6 Ke6 57. g4 Kd6 58. Nd4 Kxc7 59. e5 Ne7 60. Ke4 Kd7
61. h4 Ng6 62. h5 Ne7 63. g5 hxg5 64. h6 Ng6 65. Kf5 Nh8 66. e6+ Ke7 67. Kxg5 Kf8 68. Kf6 Ke8 69. Kg7
1-0

[Event "DAGIJ"]
[Site "SchemingMind.com"]
[Date "2018.07.26"]
[Round "-"]
[White "smothered mate"]
[Black "Phillip Beckett"]
[Result "1-0"]
[WhiteCountry "POL"]
[BlackCountry "ENG"]
[WhiteElo "2086"]
[WhiteRD "86"]
[BlackElo "1536"]
[BlackRD "53"]
[GameID "430650"]

1. e4 e5 2. Nf3 Nc6 3. Bb5 a6 4. Ba4 Nf6 5. O-O Be7 6. Re1 b5 7. Bb3 O-O 8. c3 d5 9. exd5 Nxd5 10. d4 exd4
11. cxd4 Bf6 12. Nc3 Nxc3 13. bxc3 Na5 14. Bc2 Bb7 15. Ba3 Re8 16. Qd3 g6 17. Rxe8+ Qxe8 18. Re1 Qd7 19. h3 Nc4 20. Bc1 Re8
21. Rxe8+ Qxe8 22. Bf4 Nd6 23. Ne5 Be4 24. Ng4 Bg7 25. Qe3 Bxc2 26. Bxd6 Qxe3 27. Nxe3 Bb1 28. Bxc7 Bxa2 29. Nc2 Bb3 30. Nb4 a5
31. Bxa5 Bf8 32. Nd3 Bc4 33. Ne5 Be6 34. Kf1 Bc4+ 35. Nxc4 bxc4 36. Ke2 Bd6 37. Bb4 Bc7 38. d5 f5 39. Bc5 Kf7 40. Ke3 Be5
41. Bd4 Bd6 42. Bh8 Kg8 43. Bf6 Kf7 44. Bh8 Bc5+ 45. Bd4 Bd6 46. Bb6 Ke7 47. Kd4 Kd7 48. Kxc4 Kc8 49. Kb5 Kb7 50. c4 Be5
51. Bd8 Bd4 52. c5 Kc8 53. Bh4 g5 54. Bxg5 Bxf2 55. c6 Bg3 56. Be7 Kc7 57. d6+ Kc8 58. d7+
1-0

[Event "DAGIJ"]
[Site "SchemingMind.com"]
[Date "2018.07.26"]
[Round "-"]
[White "JAHI"]
[Black "Phillip Beckett"]
[Result "1-0"]
[WhiteCountry "INT"]
[BlackCountry "ENG"]
[WhiteElo "2115"]
[WhiteRD "73"]
[BlackElo "1455"]
[BlackRD "56"]
[GameID "430651"]

1. c3 d5 2. e3 e5 3. e4 dxe4 4. Qa4+ Nc6 5. Qxe4 Nf6 6. Qe2 Bd6 7. Nf3 O-O 8. d3 e4 9. dxe4 Nxe4 10. Be3 Nf6
11. Nbd2 Re8 12. Qd3 Ne5 13. Nxe5 Bxe5 14. Qxd8 Rxd8 15. Nc4 Bd6 16. Rd1 Be7 17. Rxd8+ Bxd8 18. Be2 Be6 19. Na5 b6 20. Bf3 Rb8
21. Nc6 Rc8 22. Nxa7 Rb8 23. Nc6 Rc8 24. a3 Bd7 25. Bf4 Bxc6 26. Bxc6 Be7 27. Ke2 Bd6 28. Be3 Ne8 29. Rd1 Nf6 30. h3 Rd8
31. a4 Kf8 32. g3 Be7 33. Rxd8+ Bxd8 34. c4 Be7 35. c5 bxc5 36. a5
1-0

[Event "DAGIJ"]
[Site "SchemingMind.com"]
[Date "2018.07.27"]
[Round "-"]
[White "flyinduck"]
[Black "smothered mate"]
[Result "0-1"]
[WhiteCountry "CAN"]
[BlackCountry "POL"]
[WhiteElo "1997"]
[WhiteRD "58"]
[BlackElo "2153"]
[BlackRD "88"]
[GameID "430709"]

1. e4 e6 2. d4 d5 3. e5 c5 4. c3 Qb6 5. Nf3 f6 6. Bd3 cxd4 7. cxd4 fxe5 8. Nxe5 Nf6 9. O-O Bd6 10. Nc3 Nc6
11. Nxc6 bxc6 12. Bg5 O-O 13. Qd2 e5 14. Bxf6 Rxf6 15. dxe5 Bxe5 16. Rae1 Qc7 17. h3 Bd7 18. Re2 Raf8 19. Bb1 Bh2+ 20. Kh1 Bd6
21. a3= Qc8 22. Qd3 Rh6 23. Re3 Bf5 24. Qd1 Bxh3 25. gxh3 Rxh3+ 26. Kg2 Rh2+ 27. Kg1 Qd8 28. Rg3 Qh4
0-1

[Event "DAGIJ"]
[Site "SchemingMind.com"]
[Date "2018.07.29"]
[Round "-"]
[White "Phillip Beckett"]
[Black "flyinduck"]
[Result "1/2-1/2"]
[WhiteCountry "ENG"]
[BlackCountry "CAN"]
[WhiteElo "1482"]
[WhiteRD "55"]
[BlackElo "2024"]
[BlackRD "53"]
[GameID "430710"]

1. e4 d6 2. d4 Nf6 3. Nc3 e5 4. dxe5 dxe5 5. Qxd8+ Kxd8 6. f3 Be6 7. Be3 c6 8. O-O-O+ Kc7 9. Bd3 Nbd7 10. Nge2 b5
11. a3 Bc5 12. Bxc5 Nxc5 13. Ng3 g6 14. Be2 a5 15. Nb1 h5 16. Nc3 b4 17. Nf1 bxc3 18. bxc3 Na4 19. c4 Rhd8 20. Ne3 Nc3
21. Rd2 Rxd2 22. Kxd2 Nxe2 23. Kxe2 Rb8 24. Rd1 Rb2 25. Rd3 a4 26. Kd2 Nd7 27. Kc3 Ra2 28. Kb4 Rb2+ 29. Kc3 Ra2 30. Kb4 Rb2+
31. Kc3
1/2-1/2

[Event "DAGIJ"]
[Site "SchemingMind.com"]
[Date "2018.07.29"]
[Round "-"]
[White "Marc Wakeham"]
[Black "flyinduck"]
[Result "0-1"]
[WhiteCountry "WLS"]
[BlackCountry "CAN"]
[WhiteElo "1633"]
[WhiteRD "80"]
[BlackElo "2024"]
[BlackRD "53"]
[GameID "430711"]

1. e4 d6 2. d4 Nf6 3. Nc3 e5 4. dxe5 dxe5 5. Qxd8+ Kxd8 6. Bg5 c6 7. O-O-O+ Kc7 8. Bc4 Be6 9. Bxe6 fxe6 10. Nge2 Nbd7
11. f4 Bd6 12. fxe5 Bxe5 13. Bf4 Rhe8 14. Bxe5+ Nxe5 15. Nf4 b5 16. Rhf1 Rad8 17. Rxd8 Kxd8 18. Rd1+ Ke7 19. h3 g5 20. Nfe2 a6
21. Nd4 Rd8 22. Nb3 Rxd1+ 23. Kxd1 b4
0-1

[Event "DAGIJ"]
[Site "SchemingMind.com"]
[Date "2018.07.29"]
[Round "-"]
[White "JAHI"]
[Black "flyinduck"]
[Result "1/2-1/2"]
[WhiteCountry "INT"]
[BlackCountry "CAN"]
[WhiteElo "2112"]
[WhiteRD "80"]
[BlackElo "2049"]
[BlackRD "60"]
[GameID "430712"]

1. c3 e5 2. e3 d5 3. e4 dxe4 4. Qa4+ Nc6 5. Qxe4 Nf6 6. Qe2 Be7 7. d3 O-O 8. Nf3 Re8 9. Nbd2 Nd5 10. g3 f5
11. Bg2 Bf6 12. h3 Be6 13. h4 Bf7 14. Ng5 Bxg5 15. hxg5 Qxg5 16. Ne4 Qe7 17. Ng5 h6 18. Nxf7 Qxf7 19. Qh5 Rad8 20. Qxf7+ Kxf7
21. Bd2 e4 22. dxe4 fxe4 23. Rd1 Ne5 24. Ke2 Nf6 25. Be3 b6 26. Rxd8 Rxd8 27. Bd4 Ned7 28. Rd1 Re8 29. a3 c5 30. Be3 g5
31. Bh3 Ne5 32. b3 Ke7 33. b4 Nc4 34. bxc5 Nxe3 35. Kxe3 bxc5 36. Bf5 Rb8 37. Bxe4 Rb3 38. Kd3 Nxe4 39. Kxe4 Rxc3 40. Rh1 Rxa3
41. Rxh6 c4 42. Rg6 Ra5 43. Rg7+ Ke6 44. Rc7 Ra4 45. Rc6+ Kf7 46. Kd4 Ra2 47. Rc5 Rxf2 48. Rxg5 Rc2 49. Rc5 Rg2 50. Rxc4 Rxg3
51. Rc7+ Ke6 52. Rxa7 Kf5=
1/2-1/2

[Event "DAGIJ"]
[Site "SchemingMind.com"]
[Date "2018.08.03"]
[Round "-"]
[White "Phillip Beckett"]
[Black "fu_manchu"]
[Result "0-1"]
[WhiteCountry "ENG"]
[BlackCountry "CAN"]
[WhiteElo "1482"]
[WhiteRD "55"]
[BlackElo "1806"]
[BlackRD "77"]
[GameID "431061"]

1. d4 Nf6 2. c4 g6 3. Nc3 Bg7 4. e4 d6 5. f3 O-O 6. Be3 e5 7. dxe5 dxe5 8. Qxd8 Rxd8 9. g4 Nc6 10. b3 b6
11. Rd1 Rxd1+ 12. Kxd1 Bb7 13. h4 Rd8+ 14. Kc1 Nb4 15. Nge2 Rd3 16. Bd2 Rxf3 17. Bg2 Rd3 18. g5 Nh5 19. a3 Nc6 20. Kc2 Rd8
21. Bf3 Nd4+ 22. Nxd4 exd4 23. Nd5 Bxd5 24. exd5 Ng3 25. Rh3 Nf1 26. Bf4 Ne3+ 27. Kd3 Rd7 28. Bxe3 dxe3 29. Kxe3 Re7+ 30. Kd3 Be5
31. Be4 Bd6 32. h5 Bxa3 33. hxg6 fxg6 34. Re3 Bc1 35. Rg3 Re5 36. Kd4 Rxg5 37. Rxg5 Bxg5 38. Ke5 Kf7 39. d6 cxd6+ 40. Kxd6 h5
41. Ke5 Bf6+ 42. Kd6 g5 43. Kc7 Bd4 44. Kb7 a5 45. Kc6 Kf6 46. Kb5 g4 47. b4 axb4 48. Kxb4 Kg5 49. Kb3 Kf4 50. Bg6 h4
51. Kc2 h3 52. Kd3 Bc5 53. Be4 g3 54. Bd5 g2
0-1

[Event "DAGIJ"]
[Site "SchemingMind.com"]
[Date "2018.08.04"]
[Round "-"]
[White "Marc Wakeham"]
[Black "fu_manchu"]
[Result "0-1"]
[WhiteCountry "WLS"]
[BlackCountry "CAN"]
[WhiteElo "1633"]
[WhiteRD "80"]
[BlackElo "1806"]
[BlackRD "77"]
[GameID "431062"]

1. e4 c5 2. c3 d6 3. Nf3 Nf6 4. e5 dxe5 5. Nxe5 Nbd7 6. Nf3 e5 7. Bc4 Be7 8. Ng5 O-O 9. Qb3 Qe8 10. O-O h6
11. Bxf7+ Rxf7 12. Nxf7 Qxf7 13. Qxf7+ Kxf7 14. d3 Nb6 15. Nd2 Bf5 16. Re1 Bd6 17. d4 cxd4 18. cxd4 exd4 19. Nf3 d3 20. Bd2 Ne4
21. Red1 Nxd2 22. Rxd2 Nc4 23. Rdd1 Ne5 24. Nd4 Bg6 25. Rac1 a6 26. Nb3 Nc6 27. Nd2 Re8 28. Nc4 Bb8 29. b3 b5 30. Ne3 Nd4
31. Kh1 Bf4 32. Rc7+ Bxc7
0-1

[Event "DAGIJ"]
[Site "SchemingMind.com"]
[Date "2018.08.04"]
[Round "-"]
[White "smothered mate"]
[Black "fu_manchu"]
[Result "1-0"]
[WhiteCountry "POL"]
[BlackCountry "CAN"]
[WhiteElo "2086"]
[WhiteRD "86"]
[BlackElo "1807"]
[BlackRD "80"]
[GameID "431063"]

1. e4 c5 2. Nf3 d6 3. c3 Nf6 4. Be2 Nc6 5. d4 cxd4 6. cxd4 Nxe4 7. d5 Qa5+ 8. Nc3 Nxc3 9. bxc3 Ne5 10. O-O Qxc3
11. Nxe5 dxe5 12. Bb5+ Bd7 13. Bxd7+ Kxd7 14. Qa4+ Kd8 15. Be3 e4 16. Rfc1 Qf6 17. d6 exd6 18. Rab1 d5 19. Rxb7 Bd6 20. Qd7#
1-0

[Event "DAGIJ"]
[Site "SchemingMind.com"]
[Date "2018.08.05"]
[Round "-"]
[White "fu_manchu"]
[Black "flyinduck"]
[Result "0-1"]
[WhiteCountry "CAN"]
[BlackCountry "CAN"]
[WhiteElo "1806"]
[WhiteRD "77"]
[BlackElo "2024"]
[BlackRD "53"]
[GameID "431064"]

1. d4 d6 2. Nf3 Nf6 3. c4 Bg4 4. e3 Nbd7 5. Be2 e5 6. dxe5 dxe5 7. O-O Bd6 8. Nc3 Qe7 9. e4 c6 10. Bg5 h6
11. Bh4 g5 12. Bg3 Bh5 13. h3 Bg6 14. Bd3 Nh5 15. Bh2 Nf4 16. Bxf4 gxf4 17. a3 O-O 18. b4 Rad8 19. c5 Bxc5 20. bxc5 Nxc5
21. Ne1 Rxd3 22. Nxd3 Rd8 23. Qe2 f3 24. gxf3 Nxd3 25. Rfd1 Nf4 26. Rxd8+ Qxd8 27. Qf1 Bh5 28. Ne2 Qg5+ 29. Kh2 Bxf3 30. Ng3 Bg2
31. Qc1 Qh4 32. Kg1 Qxh3 33. Qd1 Bxe4 34. Qf1 Ne2+ 35. Qxe2 Qg2#
0-1

[Event "DAGIJ"]
[Site "SchemingMind.com"]
[Date "2018.08.04"]
[Round "-"]
[White "JAHI"]
[Black "fu_manchu"]
[Result "1-0"]
[WhiteCountry "INT"]
[BlackCountry "CAN"]
[WhiteElo "2115"]
[WhiteRD "73"]
[BlackElo "1835"]
[BlackRD "80"]
[GameID "431065"]

1. c3 Nf6 2. d3 d5 3. Bg5 e5 4. Bxf6 Qxf6 5. Nd2 Bc5 6. e3 O-O 7. d4 exd4 8. cxd4 Bb6 9. Bd3 Qg5 10. Ngf3 Qxg2
11. Rg1 Qh3 12. Ng5 Qh6 13. Qf3 f5 14. Qxd5+ Kh8 15. Nf7+ Rxf7 16. Qd8+
1-0

[Event "DAGIJ"]
[Site "SchemingMind.com"]
[Date "2018.08.09"]
[Round "-"]
[White "Timaeus"]
[Black "Phillip Beckett"]
[Result "0-1"]
[WhiteCountry "JPN"]
[BlackCountry "ENG"]
[WhiteElo "1421"]
[WhiteRD "75"]
[BlackElo "1482"]
[BlackRD "55"]
[GameID "431195"]

1. d4 d5 2. Bf4 Nf6 3. Nf3 e6 4. e3 c5 5. c4 cxd4 6. exd4 Be7 7. Bd3 dxc4 8. Bxc4 Nbd7 9. O-O Nb6 10. Nbd2 Nxc4
11. Nxc4 O-O 12. Be5 Bd7 13. Bxf6 Bxf6 14. Nd6 Qc7 15. Ne4 Be7 16. Rc1 Bc6 17. Re1 Rfd8 18. g3 Qb6 19. b3 Rac8 20. a4 Bd5
21. Rxc8 Rxc8 22. Ned2 Qc6 23. Ne5 Qc2 24. Ndf3 Qxd1 25. Rxd1 Bxb3 26. Rb1 Bd5 27. Kg2 g5 28. h3 f6 29. Rxb7 Bd6 30. Ng4 Bxb7
31. Nxf6+ Kf7 32. Nxh7 Kg6 33. Nxg5 Rc3 34. h4 Rd3 35. Nxe6 Bxf3+ 36. Kh3 Bd5
0-1

[Event "DAGIJ"]
[Site "SchemingMind.com"]
[Date "2018.08.09"]
[Round "-"]
[White "Timaeus"]
[Black "Marc Wakeham"]
[Result "0-1"]
[WhiteCountry "JPN"]
[BlackCountry "WLS"]
[WhiteElo "1406"]
[WhiteRD "80"]
[BlackElo "1647"]
[BlackRD "77"]
[GameID "431196"]

1. d4 Nf6 2. Bf4 d6 3. e3 g6 4. Bd3 Bg7 5. Nf3 O-O 6. O-O c5 7. c3 cxd4 8. cxd4 Bg4 9. h3 Bxf3 10. Qxf3 Nc6
11. Bb5 Rc8 12. Na3 a6 13. Bxc6 Rxc6 14. Rac1 Rxc1 15. Rxc1 Qb8 16. Bg5 b5 17. Rc6 Qb7 18. d5 Re8 19. b4 Nd7 20. e4 Ne5
21. Qc3 Nxc6 22. Qxc6 Qxc6 23. dxc6 e6 24. c7 f6 25. Be3 Rc8 26. Bb6 d5 27. exd5 exd5 28. Nc2 f5 29. a3 Be5 30. g3 Kf7
31. Ne3 Bxc7 32. Bd4 Ke6 33. Kg2 Bd6 34. f4 Rc1 35. Kf3 Rb1 36. Nc2 Bc7 37. Ke2 h6 38. Kd2 g5 39. fxg5 hxg5 40. Be3 f4
41. gxf4 gxf4 42. Bd4 Rh1 43. Ne1 Rxh3 44. Nc2 Kf5 45. Ke2 Ke4 46. Bf2 f3+ 47. Ke1 Bg3 48. Bxg3 Rxg3 49. Kf1 Rg2 50. Ne1 Ra2
0-1

[Event "DAGIJ"]
[Site "SchemingMind.com"]
[Date "2018.08.09"]
[Round "-"]
[White "Timaeus"]
[Black "smothered mate"]
[Result "0-1"]
[WhiteCountry "JPN"]
[BlackCountry "POL"]
[WhiteElo "1406"]
[WhiteRD "80"]
[BlackElo "2086"]
[BlackRD "86"]
[GameID "431197"]

1. d4 d5 2. Bf4 e6 3. Nf3 c5 4. e3 Nc6 5. c4 Nf6 6. Nc3 a6 7. Bd3 dxc4 8. Bxc4 b5 9. Bxb5 axb5 10. a3 cxd4
11. Nxd4 Nxd4 12. exd4 Nd5 13. Nxd5 Qxd5 14. O-O Bb7 15. f3 Bd6 16. Bxd6 Qxd6 17. Re1 O-O 18. b4 Rfd8 19. Rc1 h6 20. Rc2 Rxa3
21. Qd2 Qxd4+ 22. Qxd4 Rxd4 23. Rc7 Bd5 24. Rb1 Rd2
0-1

[Event "DAGIJ"]
[Site "SchemingMind.com"]
[Date "2018.08.14"]
[Round "-"]
[White "flyinduck"]
[Black "Timaeus"]
[Result "1-0"]
[WhiteCountry "CAN"]
[BlackCountry "JPN"]
[WhiteElo "2024"]
[WhiteRD "53"]
[BlackElo "1421"]
[BlackRD "75"]
[GameID "431198"]

1. e4 d5 2. exd5 c6 3. d4 cxd5 4. c4 e6 5. Nc3 b6 6. cxd5 exd5 7. Bb5+ Bd7 8. Qe2+ Qe7 9. Bxd7+ Nxd7 10. Nxd5 Qxe2+
11. Nxe2 Bd6 12. Bf4 Bxf4 13. Nexf4 Ngf6 14. Nc7+ Ke7 15. Nxa8 Rxa8 16. O-O g5 17. Rfe1+ Kf8 18. Nd3 Nd5 19. Rac1
1-0

[Event "DAGIJ"]
[Site "SchemingMind.com"]
[Date "2018.08.09"]
[Round "-"]
[White "Timaeus"]
[Black "fu_manchu"]
[Result "0-1"]
[WhiteCountry "JPN"]
[BlackCountry "CAN"]
[WhiteElo "1398"]
[WhiteRD "82"]
[BlackElo "1858"]
[BlackRD "79"]
[GameID "431199"]

1. d4 Nf6 2. Bf4 g6 3. e3 Bg7 4. Nf3 O-O 5. Bd3 d6 6. O-O c5 7. b3 cxd4 8. exd4 Nc6 9. Nc3 Bd7 10. a3 Qb6
11. Re1 Rfe8 12. h3 a6 13. Qd2 Nxd4 14. Nxd4 Qxd4 15. Be3 Qh4 16. Bg5 Qd4 17. Ne2 Qb6 18. Bh6 e5 19. Ng3 d5 20. b4 e4
21. Bf1 d4 22. Bxg7 Kxg7 23. Bc4 e3 24. Qe2 exf2+ 25. Qxf2 Rad8 26. Ne2 Qc6 27. Nxd4 Qxc4 28. Kh2 Ne4 29. Qe2 Qxd4 30. Rad1 Qe5+
31. Kg1 Qg5 32. Qf3 Bc6 33. Rf1 Rf8 34. Rxd8 Qxd8 35. Rd1 Qb6+ 36. Kh2 Kg8 37. Rf1 Nd2 38. Qf2 Nxf1+ 39. Qxf1 Rd8
0-1

[Event "DAGIJ"]
[Site "SchemingMind.com"]
[Date "2018.08.09"]
[Round "-"]
[White "Timaeus"]
[Black "JAHI"]
[Result "0-1"]
[WhiteCountry "JPN"]
[BlackCountry "INT"]
[WhiteElo "1432"]
[WhiteRD "75"]
[BlackElo "2115"]
[BlackRD "73"]
[GameID "431200"]

1. d4 c6 2. Bf4 e6 3. e3 c5 4. c4 cxd4 5. exd4 Be7 6. Nf3 Nf6 7. Bd3 Nc6 8. O-O Qb6 9. Qb3 Nxd4 10. Qxb6 Nxf3+
11. gxf3 axb6 12. Bc7 Bc5 13. Nc3 d6 14. Nb5 Kd7 15. Rab1 Ne8 16. Bxb6 Bxb6 17. Rbc1 Rxa2 18. b3 Rd2 19. Bc2 Bc5 20. Rfe1 Bxf2+
21. Kf1 Bxe1 22. Kxe1 Rxh2
0-1

[Event "DAGIJ"]
[Site "SchemingMind.com"]
[Date "2018.08.10"]
[Round "-"]
[White "Carl Lenox"]
[Black "Marc Wakeham"]
[Result "0-1"]
[WhiteCountry "CAN"]
[BlackCountry "WLS"]
[WhiteElo "1278"]
[WhiteRD "83"]
[BlackElo "1633"]
[BlackRD "80"]
[GameID "431224"]

1. e4 c5 2. Nf3 Nc6 3. d4 cxd4 4. Nxd4 Nxd4 5. Qxd4 d6 6. a3 Nf6 7. b4 e6 8. c4 Be7 9. e5 dxe5 10. Qxe5 O-O
11. Bb2 Ne8 12. Be2 Bf6 13. Qe3 Bxb2 14. Ra2 Bd4 15. Qf3 Qf6 16. Qxf6 Bxf6 17. Nd2 Bd7 18. b5 b6 19. a4 Nd6 20. O-O Bc3
21. Bf3 Rad8 22. Re1 Nf5 23. Rc2 Bxd2 24. Rxd2 Bc8 25. Ra2 a5 26. Rc1 Nd4 27. Bg4 Nb3 28. Re1 Nc5 29. g3 Rd4 30. Be2 Bb7
31. Bf1 Rfd8 32. Be2 Ne4 33. Rc2 Nc5 34. Ra2 Be4 35. f3 Bd3 36. Bd1 Bxc4
0-1

[Event "DAGIJ"]
[Site "SchemingMind.com"]
[Date "2018.08.15"]
[Round "-"]
[White "Carl Lenox"]
[Black "smothered mate"]
[Result "0-1"]
[WhiteCountry "CAN"]
[BlackCountry "POL"]
[WhiteElo "1317"]
[WhiteRD "81"]
[BlackElo "2086"]
[BlackRD "86"]
[GameID "431225"]

1. e4 e6 2. Nf3 c5 3. d4 cxd4 4. Nxd4 Nf6 5. Nc3 Bb4 6. Qd3 O-O 7. a3 Bxc3+ 8. Qxc3 Nxe4 9. Qe3 d5 10. b4 e5
11. Nf3 Nc6 12. Bb5 Ne7 13. O-O Nf5 14. Qe2 Nc3 15. Qd3 Nxb5 16. Qxb5 a6 17. Qe2 e4 18. Ne5 Re8 19. Bb2 Bd7 20. Nxd7 Qxd7
21. Rad1 f6 22. c4 d4 23. Rfe1 Rad8 24. c5 Qf7 25. a4 Qb3 26. b5 Qxa4 27. b6 d3 28. Qd2 Nd4 29. Qf4 Ne2+
0-1

[Event "DAGIJ"]
[Site "SchemingMind.com"]
[Date "2018.08.10"]
[Round "-"]
[White "Phillip Beckett"]
[Black "Carl Lenox"]
[Result "1-0"]
[WhiteCountry "ENG"]
[BlackCountry "CAN"]
[WhiteElo "1482"]
[WhiteRD "55"]
[BlackElo "1278"]
[BlackRD "83"]
[GameID "431226"]

1. d4 g6 2. c4 Nf6 3. Nc3 Bg7 4. e4 d6 5. f3 O-O 6. Be3 Nbd7 7. Qd2 c5 8. d5 Ne5 9. Bd3 Nxd3+ 10. Qxd3 b6
11. Nge2 Bb7 12. O-O-O Re8 13. h4 Qd7 14. g4 Rad8 15. h5 e5 16. hxg6 fxg6 17. Ng3 a6 18. Qd2 b5 19. b3 b4 20. Nce2 a5
21. Bh6 Nxg4 22. fxg4 Qxg4 23. Bxg7 Kxg7 24. Qh6+ Kf6 25. Rdf1+
1-0

[Event "DAGIJ"]
[Site "SchemingMind.com"]
[Date "2018.08.10"]
[Round "-"]
[White "Carl Lenox"]
[Black "Timaeus"]
[Result "0-1"]
[WhiteCountry "CAN"]
[BlackCountry "JPN"]
[WhiteElo "1317"]
[WhiteRD "81"]
[BlackElo "1406"]
[BlackRD "80"]
[GameID "431227"]

1. e4 e5 2. Nf3 Nc6 3. Bb5 b6 4. a3 Bb7 5. d4 exd4 6. Nxd4 Be7 7. b4 Nf6 8. Qd3 O-O 9. Nd2 Ne5 10. Qe2 a6
11. Ba4 d5 12. Bb2 b5 13. Bb3 Qd7 14. f3 dxe4 15. f4 Neg4 16. O-O-O Bd6 17. g3 e3 18. N2f3 Nf2 19. Qxe3 Nxh1 20. Rxh1 Rfe8
21. Qd2 Ne4 22. Qd3 Nf2 23. Qf1 Nxh1 24. Qxh1 Bxf3 25. Qxf3 Re1+ 26. Kd2 Rae8 27. c4 Qe7 28. Nc6 Re2+ 29. Kd1 Re1+ 30. Kd2 Re2+
0-1

[Event "DAGIJ"]
[Site "SchemingMind.com"]
[Date "2018.08.10"]
[Round "-"]
[White "fu_manchu"]
[Black "Carl Lenox"]
[Result "1-0"]
[WhiteCountry "CAN"]
[BlackCountry "CAN"]
[WhiteElo "1807"]
[WhiteRD "80"]
[BlackElo "1317"]
[BlackRD "81"]
[GameID "431228"]

1. d4 g6 2. c4 Nf6 3. Nf3 Bg7 4. Nc3 O-O 5. e4 d6 6. Be2 Nbd7 7. O-O Re8 8. e5 Ng4 9. h3 Nh6 10. exd6 cxd6
11. Re1 Nf5 12. Bf1 b6 13. d5 Nc5 14. g4 Nh6 15. Nd4 Bb7 16. Nc6 Qd7 17. Bg2 Rad8 18. Nxd8 Qxd8 19. Bg5 Qa8 20. Rxe7 Rd8
21. Rxb7 Qxb7 22. Bxd8 f6 23. Qe2 Kf8 24. Re1 Qd7 25. Bxf6 Bxf6 26. Qf3 Qg7 27. g5 Nf5 28. gxf6 Qxf6 29. Nb5 a6 30. Nc7 Qxb2
31. Ne6+ Kg8 32. Nxc5 bxc5 33. Qb3 Qd2 34. Re8+ Kf7 35. Ra8 Qe1+ 36. Bf1 Kg7 37. Ra7+ Kf6 38. Rxh7 Qe4 39. Qc3+ Nd4 40. Ra7
1-0

[Event "DAGIJ"]
[Site "SchemingMind.com"]
[Date "2018.08.14"]
[Round "-"]
[White "flyinduck"]
[Black "Carl Lenox"]
[Result "1-0"]
[WhiteCountry "CAN"]
[BlackCountry "CAN"]
[WhiteElo "2024"]
[WhiteRD "53"]
[BlackElo "1278"]
[BlackRD "83"]
[GameID "431229"]

1. e4 c5 2. Nf3 g6 3. d4 cxd4 4. Qxd4 Nf6 5. e5 Nc6 6. Qa4 Nd5 7. Qe4 e6 8. Bc4 f5 9. Qe2 a6 10. O-O Bg7
11. Bxd5 b5 12. Bxc6 dxc6 13. Bg5 Qd7 14. Rd1 Qa7 15. c4 b4 16. Nbd2 c5 17. Nb3 O-O 18. Be3 Qe7 19. Bxc5
1-0

[Event "DAGIJ"]
[Site "SchemingMind.com"]
[Date "2018.08.10"]
[Round "-"]
[White "JAHI"]
[Black "Carl Lenox"]
[Result "1-0"]
[WhiteCountry "INT"]
[BlackCountry "CAN"]
[WhiteElo "2079"]
[WhiteRD "74"]
[BlackElo "1317"]
[BlackRD "81"]
[GameID "431230"]

1. c3 e5 2. e3 a6 3. d3 d5 4. d4 e4 5. f3 Bf5 6. fxe4 Bxe4 7. Nd2 Bf5 8. Qf3 Bc2 9. Nh3 Nf6 10. Be2 g6
11. b3 Bf5 12. Nf2 b5 13. e4 Be6 14. e5 Nfd7 15. Nd3 Bg7 16. Ba3 Bf8 17. Bxf8 Nxf8 18. Nf4 Nc6 19. a3 Nd7 20. Nxd5 O-O
21. Nf4 Bf5 22. Qxc6 f6 23. e6 Re8 24. Qxd7 Qe7 25. Qxe7 Rxe7 26. Nd5 Rxe6 27. Nxc7
1-0

[Event "DAGIJ"]
[Site "SchemingMind.com"]
[Date "2018.08.12"]
[Round "-"]
[White "Nouveau L"]
[Black "JAHI"]
[Result "0-1"]
[WhiteCountry "FRA"]
[BlackCountry "INT"]
[WhiteElo "1676"]
[WhiteRD "95"]
[BlackElo "2079"]
[BlackRD "74"]
[GameID "431360"]

1. Nf3 c6 2. c4 d6 3. d4 Bg4 4. Nc3 Bxf3 5. exf3 Nd7 6. Be2 g6 7. O-O Bg7 8. Be3 Ngf6 9. d5 Qc7 10. Rc1 Rc8
11. b4 c5 12. a3 a6 13. f4 e6
0-1